23º Concurso de cuentos Radio Santa María : (Record no. 5146)

MARC details
000 -LEADER
campo de control de longitud fija 00648nam a22001697a 4500
001 - NÚMERO DE CONTROL
campo de control 20091
005 - FECHA Y HORA DE LA ÚLTIMA TRANSACCIÓN
campo de control 20250522045713.0
008 - DATOS DE LONGITUD FIJA--INFORMACIÓN GENERAL
campo de control de longitud fija 5230202016 dr
082 ## - NÚMERO DE LA CLASIFICACIÓN DECIMAL DEWEY
Número de clasificación RD 863.44C7499c 2016
245 ## - MENCIÓN DEL TÍTULO
Título 23º Concurso de cuentos Radio Santa María :
Resto del título ganadores 2016
Mención de responsabilidad, etc. Concurso de Cuentos Radio Santa María (23 : 2016 : Santiango, República Dominicana).
260 ## - PUBLICACIÓN, DISTRIBUCIÓN, ETC.
Lugar de publicación, distribución, etc. Santiago, República Dominicana :
Nombre del editor, distribuidor, etc. Radio Santa María
Fecha de publicación, distribución, etc. 2016
300 ## - DESCRIPCIÓN FÍSICA
Extensión 135 p. ;
Dimensiones 22 cm.
650 ## - PUNTO DE ACCESO ADICIONAL DE MATERIA--TÉRMINO DE MATERIA
Término de materia o nombre geográfico como elemento de entrada 1.Cuentos Dominicanos-Concursos
650 ## - PUNTO DE ACCESO ADICIONAL DE MATERIA--TÉRMINO DE MATERIA
Término de materia o nombre geográfico como elemento de entrada 2.Literatura Dominicana-Concursos
650 ## - PUNTO DE ACCESO ADICIONAL DE MATERIA--TÉRMINO DE MATERIA
Término de materia o nombre geográfico como elemento de entrada 3.Premios Literarios-República Dominicana.
700 ## - ENTRADA AGREGADA--NOMBRE PERSONAL
Nombre de persona I. Tít.
Holdings
Estatus retirado Estado de pérdida Estado de daño No para préstamo Colección Biblioteca de origen Biblioteca actual Fecha de adquisición Total de préstamos Signatura topográfica completa Código de barras Visto por última vez Copia número Precio de reemplazo Tipo de ítem Koha
        Acervo general de Libros Biblioteca Central Mons. Favio M. Rivas S. Biblioteca Central Mons. Favio M. Rivas S. 30/05/2019   RD 863.44C7499c 2016 000000007463 23/05/2025 1 23/05/2025 Libros